|
|
|
|
| LEADER |
00000nab a2200000 a 4500 |
| 001 |
vtls010553168 |
| 003 |
SK-MaSNL |
| 005 |
20260429170401.0 |
| 008 |
170412c2012 xo r 100 00slo |
| 015 |
|
|
|a SNBRA2013/10SVKPO
|
| 038 |
|
|
|a SVKPO
|
| 040 |
|
|
|a SVKPOCL
|b slo
|c SVKPOCL
|e AACR2
|
| 041 |
0 |
|
|a slo
|b eng
|
| 044 |
|
|
|a xo
|c SK
|
| 080 |
|
|
|a 14(100)"04/14"
|2 2001
|
| 080 |
|
|
|a 123.1
|2 2001
|
| 080 |
|
|
|a 111.84
|2 2001
|
| 080 |
|
|
|a 141.131
|2 2001
|
| 080 |
|
|
|a 101-051
|2 2001
|
| 080 |
|
|
|a 2-12
|2 2001
|
| 080 |
|
|
|a 2-423
|2 2001
|
| 100 |
1 |
|
|a Nemec, Rastislav,
|d 1977-
|4 aut
|9 133635
|
| 245 |
1 |
0 |
|a Otázka ľudskej slobody a Božieho predpoznania u V. Ockhama
|c Rastislav Nemec
|
| 504 |
|
|
|a Bibliogr. odkazy
|
| 546 |
|
|
|a Abstr. angl.
|
| 600 |
0 |
7 |
|a William of Ockham,
|d asi 1285-asi 1349
|2 svkpocl
|9 162986
|
| 650 |
0 |
7 |
|a stredoveká filozofia
|2 svkpocl
|9 73100
|
| 650 |
0 |
7 |
|a sloboda
|2 svkpocl
|9 2170
|
| 650 |
0 |
7 |
|a Boh
|x poznanie
|2 svkpocl
|9 1586365
|
| 650 |
0 |
7 |
|a kontingencia (filozofia)
|x náboženské chápanie
|2 svkpocl
|9 654399
|
| 650 |
0 |
7 |
|a kresťanská filozofia
|2 svkpocl
|9 805
|
| 655 |
|
7 |
|a štúdie
|2 svkpocl
|9 57033
|
| 773 |
0 |
|
|t Sloboda a jej projekcie : zborník vedeckých príspevkov z jubilejného 10. výročného stretnutia Slovenského filozofického združenia spojeného s medzinárodnou konferenciou / Pavol Sucharek (ed.)
|d Prešov : Prešovská univerzita, Filozofická fakulta, 2012
|g S. 113-118
|z 9788055506197
|
| 852 |
|
|
|a SVKPO
|b KIS3GCP
|
| 958 |
|
|
|a SK
|
| 958 |
|
|
|a NB
|
| 999 |
|
|
|c 3248472
|d 3250402
|